[Event "Wch U10 Girls"]
[Site "Batumi"]
[Date "2016.10.29"]
[Round "10.21"]
[White "Li, Darina"]
[Black "Ivanova, Dilyana"]
[Result "0-1"]
[WhiteElo "1287"]
[BlackElo "1476"]
[PlyCount "60"]
[EventDate "2016.10.19"]
[EventType "swiss"]
[EventRounds "11"]
[EventCountry "GEO"]
[SourceTitle "EXT 2018"]
[Source "ChessBase"]
[SourceDate "2017.10.13"]
[SourceVersion "1"]
[SourceVersionDate "2017.10.13"]
[SourceQuality "1"]

1. e4 c5 2. Nf3 d6 3. d4 cxd4 4. Nxd4 Nf6 5. Nc3 a6 6. Be2 e6 7. f4 Qc7 8. Bf3 Nbd7 9. 0-0 Be7 10. Qe1 0-0 11. Qg3 Kh8 12. Be3 Rb8 13. f5 e5 14. Nb3 b5 15. a3 Bb7 16. Nd2 Rfd8 17. Rac1 Nc5 18. b4 Ncd7 19. Nd5 Nxd5 20. exd5 Qc3 21. Bg5 Bxg5 22. Qxg5 h6 23. Qe7 Qxd2 24. Qxf7 Qe3+ 25. Kh1 Qxa3 26. Bh5 Nf6 27. Bg6 Bxd5 28. Qe7 Rd7 29. Qxd7 Nxd7 30. Rcd1 Nf6 0-1

[Event "EU-ch U10 Girls 26th"]
[Site "Prague"]
[Date "2016.08.19"]
[Round "2"]
[White "Li, Darina"]
[Black "Zavivaeva, Emilia"]
[Result "1/2-1/2"]
[WhiteElo "1182"]
[BlackElo "1443"]
[PlyCount "137"]
[EventDate "2016.08.18"]
[EventType "swiss"]
[EventRounds "9"]
[EventCountry "CZE"]
[SourceTitle "CBM 174 Extra"]
[Source "ChessBase"]
[SourceDate "2016.10.10"]
[SourceVersion "1"]
[SourceVersionDate "2016.10.10"]
[SourceQuality "1"]

1. e4 e6 2. d4 d5 3. exd5 exd5 4. Bd3 Nc6 5. Nf3 Bd6 6. Be3 Bg4 7. Nbd2 Nge7 8. c3 Qd7 9. Qc2 f6 10. Qb3 0-0-0 11. 0-0-0 Bf5 12. Qc2 Bxd3 13. Qxd3 Nf5 14. Rhe1 Rhe8 15. Re2 Nxe3 16. Rxe3 Rxe3 17. Qxe3 Re8 18. Qd3 f5 19. Re1 Rxe1+ 20. Nxe1 Ne7 21. Qh3 Qe6 22. Nd3 Qe2 23. Qf3 Qe6 24. Qh5 Qg6 25. Qxg6 Nxg6 26. Nf3 Nf4 27. Nxf4 Bxf4+ 28. Kc2 Kd7 29. g3 Bd6 30. Ne5+ Ke6 31. f4 g5 32. fxg5 Bxe5 33. dxe5 Kxe5 34. Kd3 f4 35. g4 f3 36. Ke3 f2 37. Kxf2 Kf4 38. h3 Kxg5 39. Kg3 c5 40. h4+ Kf6 41. Kf4 b5 42. g5+ Kg6 43. Kg4 b4 44. h5+ Kf7 45. cxb4 c4 46. Kf4 d4 47. Ke4 d3 48. Ke3 Ke6 49. a4 Kf5 50. g6 hxg6 51. hxg6 Kxg6 52. b3 cxb3 53. Kxd3 Kf6 54. Kc3 Ke5 55. Kxb3 Kd5 56. Kc3 Kd6 57. Kd4 Kc6 58. Kc4 Kb6 59. Kd5 Kb7 60. Kc5 Kc7 61. Kb5 Kb7 62. a5 a6+ 63. Kc5 Kc7 64. Kd5 Kd7 65. b5 axb5 66. a6 Kc7 67. a7 Kb7 68. Kc5 Kxa7 69. Kxb5 1/2-1/2